Mechanika zemin a zakládání staveb /

Hlavní autor: Eichler, Jaroslav, 1925-
Korporativní autor: Vysoké učení technické v Brně. Stavební fakulta
Další autoři: Weiglová, Kamila, 1945-, Maceková, Věra, 1952-
Jazyk: Čeština
Vydáno: Praha : Státní nakladatelství technické literatury, 1981
Vydání: 1. vyd.
Edice: Učební texty vysokých škol
Témata:
Fyzický popis: 150 s.
Knihy
Uloženo v:
LEADER 01599nam 22003612a 4500
001 000752618
003 CZ BrMZK
005 20071019122707.0
007 ta
008 041201s1981 xr fr|||||||||||cze d
040 |a BOA001  |b cze 
080 9 |a 624.131 
080 9 |a 624.15 
100 1 |a Eichler, Jaroslav,  |d 1925-  |7 jk01030337  |4 aut 
245 1 0 |a Mechanika zemin a zakládání staveb /  |c Jaroslav Eichler, Věra Maceková, Kamila Weiglová 
250 |a 1. vyd. 
260 |a Praha :  |b Státní nakladatelství technické literatury,  |c 1981 
300 |a 150 s. 
490 1 |a Učební texty vysokých škol 
504 |a Obsahuje bibliografii a přehled ČSN 
521 8 |a Určeno pro posluchače fakulty stavební 
550 |a Vyd.: Vysoké učení technické v Brně, Stavební fakulta 
700 1 |a Weiglová, Kamila,  |d 1945-  |7 mzk2003188313  |4 aut 
700 1 |a Maceková, Věra,  |d 1952-  |7 mzk2004246539  |4 aut 
710 2 |a Vysoké učení technické v Brně.  |b Stavební fakulta  |7 kn20010709423 
810 2 |a Vysoké učení technické v Brně.  |b Stavební fakulta.  |t Učební texty  |0 s 
910 |a BOA001  |b TK-A-0206.609  |b 4-0898.527 
964 |a Zeminy - mechanika - učebnice - školy vysoké 
964 |a Stavby - zakládání - učebnice - školy vysoké 
990 |a BK 
996 7 |b 2619777922  |c 4-0898.527  |l MZK  |r Sklad / do 1 hodiny  |n 0  |w 000752618  |u 000050  |a 1  |e BOA001  |j MZK50  |s A 
996 7 |b 2629943433  |c TK-A-0206.609  |l MZK  |r Sklad / do 24 hodin  |n 4  |w 000752618  |u 000020  |a 1  |e BOA001  |j MZK50  |s A 
996 6 |b BC-343457  |c TK-A-0206.609  |l MZK  |r Sklad / do 24 hodin  |n 2  |w 000752618  |u 000010  |a 1  |e BOA001  |j MZK50  |s P